Specchio delle mie brame (Record n. 210053)

Dettagli MARC
000 -LEADER
fixed length control field 01523nam a2200205Ia 4500
001 - CONTROL NUMBER
control field b6939-50107
003 - CONTROL NUMBER IDENTIFIER
control field IT-MiCISF
008 - FIXED-LENGTH DATA ELEMENTS--GENERAL INFORMATION
fixed length control field 161014s9999||||xx |||||||||||||| ||und||
040 ## - CATALOGING SOURCE
Original cataloging agency IT-MiCISF
Transcribing agency IT-MiCISF
041 ## - LANGUAGE CODE
Language code of text/sound track or separate title it
999 ## - SYSTEM CONTROL NUMBERS (KOHA)
Koha Dewey Subclass [OBSOLETE] si
100 ## - MAIN ENTRY--PERSONAL NAME
Personal name Barducci Maria Cristina
245 #0 - TITLE STATEMENT
Title Specchio delle mie brame
Remainder of title Narcisismo femminile e passione amorosa
250 ## - EDITION STATEMENT
Edition statement 1a ed.
260 ## - PUBLICATION, DISTRIBUTION, ETC. (IMPRINT)
Place of publication, distribution, etc. Roma
Name of publisher, distributor, etc. Magi
Date of publication, distribution, etc. 2011
300 ## - PHYSICAL DESCRIPTION
Extent pp. 165
500 ## - GENERAL NOTE
General note / donna, rapporti-madre-figli, psicoanalisi, maternità, relazione-di-coppia / Esplorando il narcisismo femminile, argomento poco indagato nell'ottica dell'identità di genere, l'A. sceglie il campo dell'esperienza amorosa, luogo in cui - per una donna - riaffiorano prepotentemente tutte le questioni del rapporto con la propria madre. Molto intrigante appare, in quel contesto, il tema della passione d'amore la quale, esplodendo in modo violento, riattiva tutto un mondo di emozioni legate al rapporto primario carente e pertanto soggetto a rimozioni e difese di varia natura. Delle tre parti di cui si compone il libro, quella teorica mostra come il rapporto madre-figlia si costruisca, per lo più, sulla base degli elementi collettivi e come per questa ragione non produca una vera e propria soggettività. Il racconto di un caso clinico, nella seconda parte, chiarisce come la passione, irrompendo nella vita della paziente, possa essere il motore del cambiamento e della crescita.
650 ## - SUBJECT ADDED ENTRY--TOPICAL TERM
Topical term or geographic name as entry element Identità e genere / donna
Relator term 003
942 ## - ADDED ENTRY ELEMENTS (KOHA)
Koha item type LIBRO
957 ## -
-- 1
999 ## - SYSTEM CONTROL NUMBERS (KOHA)
-- 1
Dati di copia
Withdrawn status Lost status Damaged status Not for loan Home library Current library Date acquired Total Checkouts Full call number Date last seen Price effective from Koha item type Public note
    Buone Condizioni Not For Loan CISF - Milano CISF - Milano 14/10/2016   b6939-50107 14/10/2016 14/10/2016 LIBRO Data import 15.10.2016 / by Epidotti, Vaglietti
CREDITS: SOCIETA' SAN PAOLO Via A.Severo, 58 - ROMA (RM) & PERIODICI SAN PAOLO SRL Via Giotto, 36 MILANO & CISF Via Giotto, 36 MILANO & EDIZIONI SAN PAOLO SRL,  Piazza Soncino, 5 CINISELLO BALSAMO (MI) -- ITALY